Affiliate marketing rastie rýchlejšie než e-commerce, využite to
Vymedzenie pojmu affiliate marketing. Dôvody vysokého nárastu obratu affiliate reklamy. Najčastejšie chyby pri affiliate marketingu zo strany firiem. Efektívne možnosti affiliate reklamy. Trendy v najbližšom období.
Gespeichert in:
| 1. Verfasser: | |
|---|---|
| Format: | Buchkapitel |
| Sprache: | Slowakisch |
| Schlagworte: | |
| Tags: |
Keine Tags, Fügen Sie das erste Tag hinzu!
|
MARC
| LEADER | 00000naa$a2200000$$$4500 | ||
|---|---|---|---|
| 001 | 0250028 | ||
| 005 | 20190110095531.6 | ||
| 041 | 0 | |a slo | |
| 044 | |a SK | ||
| 245 | 1 | 0 | |a Affiliate marketing rastie rýchlejšie než e-commerce, využite to |c Vladan Hejniček |
| 520 | |a Vymedzenie pojmu affiliate marketing. Dôvody vysokého nárastu obratu affiliate reklamy. Najčastejšie chyby pri affiliate marketingu zo strany firiem. Efektívne možnosti affiliate reklamy. Trendy v najbližšom období. | ||
| 610 | 2 | 0 | |a stratégia marketingová |
| 610 | 2 | 0 | |a marketing elektronický |
| 610 | 2 | 0 | |a reklama |
| 610 | 2 | 0 | |a stránky webové |
| 610 | 2 | 0 | |a marketing mix |
| 100 | 1 | |a Hejniček, Vladan | |